| Tag |
First Indicator |
Second Indicator |
Subfields |
| LEADER |
00000cam a2200000 a 4500 |
| 001 |
in00001457521 |
| 005 |
20151021050745.0 |
| 008 |
910425s1992 mnua j 000 1 eng |
| 010 |
|
|
|a 91016514
|
| 020 |
|
|
|a 0876146930 :
|c $9.95
|
| 035 |
|
|
|a (OCoLC)23869849
|
| 035 |
|
|
|9 AJD5617AM
|
| 040 |
|
|
|a DLC
|c DLC
|d TXA
|d UtOrBLW
|
| 049 |
|
|
|a TXAM
|
| 050 |
0 |
0 |
|a PZ7.W4486
|b Dan 1992
|
| 100 |
1 |
|
|a Welch, Catherine A.
|
| 245 |
1 |
0 |
|a Danger at the breaker /
|c by Catherine A. Welch ; illustrations by Andrea Shine.
|
| 264 |
|
1 |
|a Minneapolis :
|b Carolrhoda Books,
|c [1992]
|
| 264 |
|
4 |
|c ©1992
|
| 300 |
|
|
|a 46 pages :
|b color illustrations ;
|c 23 cm.
|
| 336 |
|
|
|a text
|b txt
|2 rdacontent
|
| 337 |
|
|
|a unmediated
|b n
|2 rdamedia
|
| 338 |
|
|
|a volume
|b nc
|2 rdacarrier
|
| 490 |
1 |
|
|a Carolrhoda on my own books
|
| 520 |
|
|
|a Because of family need, an eight-year-old coal miner's son in 1885 leaves school to work at the mines, where he learns about the dangers of a coal mine on his first day on the job.
|
| 650 |
|
1 |
|a Coal mines and mining
|x Fiction.
|
| 700 |
1 |
|
|a Shine, Andrea,
|e illustrator.
|
| 830 |
|
0 |
|a Carolrhoda on my own books.
|
| 999 |
|
|
|a MARS
|
| 999 |
f |
f |
|s 947422e1-77b9-33eb-9e80-f19ee86c49e1
|i f2450895-3eaf-3974-8418-77f863e8faac
|t 0
|
| 952 |
f |
f |
|p normal
|a Texas A&M University
|b College Station
|c Sterling C. Evans Library
|d Evans: Curriculum Collection (4th floor)
|t 0
|e PZ7.W4486 Dan 1992
|h Library of Congress classification
|i unmediated -- volume
|m A14822227609
|
| 998 |
f |
f |
|a PZ7.W4486 Dan 1992
|t 0
|l Evans: Curriculum Collection (4th floor)
|